| 000 | 00769cam a22002773a 4500 | ||
|---|---|---|---|
| 001 | 3794 | ||
| 003 | PGUSA | ||
| 005 | 20140828083038.0 | ||
| 008 | 030201s2003||||xxu|||||s|||||000 e eng d | ||
| 040 |
_aPGUSA _beng |
||
| 042 | _adc | ||
| 050 | 4 | _aPA | |
| 100 | 1 |
_aSeneca, Lucius Annaeus, _d-65 |
|
| 245 | 1 | 0 |
_aL. Annaeus Seneca on Benefits _h[electronic resource] / _cLucius Annaeus Seneca |
| 260 |
_bProject Gutenberg, _c2003 |
||
| 506 | _aPublic domain in the USA. | ||
| 516 | _aElectronic text | ||
| 653 | _aConduct of life | ||
| 653 | _aBenevolence | ||
| 653 | _aEssays | ||
| 653 | _aClassical literature | ||
| 700 | 1 |
_aStewart, Aubrey, _d1844-1918 |
|
| 830 | 0 |
_aProject Gutenberg _v3794 |
|
| 856 | 4 | 0 | _uhttp://www.gutenberg.org/ebooks/3794 |
| 942 | _cEB | ||
| 999 |
_c233123 _d233123 |
||